00413nam a2200181Ia 4500008004100000020001800041050001400059100001800073245002500091245002100116260001500137260001600152260000900168300001600177300002000193300001000213500000800223170918s9999 xx 000 0 und d a9780545372312 bP332 2009 aPaulsen, Gary aNotes from the dog / cby Gary Paulsen. aNew York : bScholastic, c2009 a133 pages : billustrations ; c19cm. a760